| 000 | 01486nam a2200385 a 4500 | ||
|---|---|---|---|
| 999 |
_c207322 _d207322 |
||
| 003 | BLK | ||
| 005 | 20250312142630.0 | ||
| 008 | 180411b bul|||||r ||||||| ||bul|| | ||
| 010 | _aKNG00217084000 | ||
| 020 | _a9786190201212 | ||
| 040 | _aBLK | ||
| 041 |
_aBUL _cBUL |
||
| 072 | 7 |
_2bullib _aН83 _xЧужда художествена литература Н |
|
| 080 |
_aИталианска литература _b821.131.1 _x-31 _z821.131.1-31 |
||
| 100 | 1 |
_aФеранте, Елена _eпърви автор _9133695 |
|
| 139 |
_aФеранте, Елена _bФ 40 |
||
| 245 | 1 | 0 |
_aНовото фамилно име _cЕлена Феранте; прев. от итал. Вера Петрова. |
| 257 | _aITA | ||
| 260 |
_bКолибри _c2016 _fСофия : Инвестпрес |
||
| 300 |
_a509 с. _c21 см |
||
| 380 | _aX | ||
| 490 | 1 | _aСъвременна европейска проза | |
| 500 | _aОриг. загл. Storia del nuovo cognome / Elena Ferrante. Кн. 2 от тетралогията Неаполитански романи | ||
| 653 | _aромани | ||
| 659 | _aН | ||
| 700 |
_aПетрова, Вера Върбанова _eпрев. от итал. _9342056 |
||
| 852 | _aЦб 291208 | ||
| 856 | 4 | _qpdf | |
| 856 | 4 | _qpdf | |
| 942 |
_cKNG _n0 _096 _s1 |
||
| 944 |
_aCR _c15.03.2018 _k30535 _lХристина Везирева |
||
| 944 |
_aED _c31.03.2018 _kЛюдмила_Стоянова |
||
| 999 | _d207322 | ||
| 999 | _d207322 | ||